Acerca del Plan Económico del Gobierno Democrático Revolucionario del El Salvador

Guardado en:
Bibliografiske detaljer
Format: Texto
Udgivet: s.l.: s.e.
Tags: Tilføj Tag
Ingen Tags, Vær først til at tagge denne postø!

MARC

LEADER 00000 a a2200000 04500
001 21704
003
040 |a CRAI/IIS  |c CRAI/IIS 
090 |a 097000  
245 |a Acerca del Plan Económico del Gobierno Democrático Revolucionario del El Salvador  
260 |a s.l.:   |b s.e.  
300 |a 32 p.  
999 |c 17011  |d 17011